00495nam a22001457a 4500020001800000040000900018082001500027100003100042245008800073260003100161650002200192942001200214999001900226952010400245 a9781592539802 cNUST a745.54 ROD aRodabaugh, Katrina9109956 aThe paper playhouse : bAwesome Art Projects For Kids Using Paper, Boxes, And Books aUSA:bQuarry Books,c2015. aPaper Work933631 2ddccBK c593558d593558 00102ddc4070aCEMEbCEMEcGENd2023-03-07l0o745.54 RODpCEME-50359r2023-03-07w2023-03-07yBK